000 00911nam a22002177a 4500
005 20210325181130.0
008 s2544 th tha d
020 _a9748056163
041 _atha
050 _aJQ1746.Z13.R4 ท237ย 2544
100 0 _aทศพร ศิริสัมพันธ์
245 1 0 _aยุทธศาสตร์การปฏิรูปการบริหารราชการแผ่นดิน [2nd]
260 3 _aนนทบุรี :
_bสถาบันพระปกเกล้า,
_c2544
300 _a36 หน้า :
_b แผนภูมิ, ตาราง ;
_c 26 ซม.
650 0 4 _aการปฏิรูประบบราชการ
650 0 4 _aการปฏิรูประบบราชการ -- ไทย
850 _aNALT
942 _cGB
997 _c000000000011087
998 _aBENJALUCK SUTTHIWILAI
999 _c11087
_d11087